هل يمكنك تسمية هذه الدول الخمسين العشوائية؟ - Statistics

General Stats
  • This quiz has been taken 10 times
  • The average score is 16 of 50
Answers on the Map
Answers color-coded by a green-red scale on the quiz's map according to % correct below.
 
Answer Stats
Hint Hint Country % Correct
234 373 الأرجنتين
100%
480.5 125 أرمينيا
100%
683 342 أستراليا
100%
391 91 بلجيكا
100%
236 319 بوليفيا
100%
218 384 تشيلي
100%
479.4 301.4 جزر القمر
100%
206 190.2 كوبا
100%
455.3 143.7 قبرص
100%
782.9 320.1 فيجي
100%
437 52 فنلاندا
100%
479 120 جورجيا
100%
404 89.9 ألمانيا
100%
378.2 234.5 غانا
100%
556 185.9 الهند
100%
693.3 140 اليابان
100%
419.3 172.9 ليبيا
100%
151 182 المكسيك
100%
366 153.5 المغرب
100%
393 86.9 هولندا
100%
403.3 203.9 النيجر
100%
361.7 127.6 البرتغال
100%
577 52 روسيا
100%
505.5 277 سيشل
100%
614.2 256.7 سنغافورة
100%
423 98 سلوفاكيا
100%
413 106.5 سلوفينيا
100%
448.5 209.5 سودان
100%
459.1 282.5 تنزانيا
100%
383 232.4 توغو
100%
242.5 226.6 ترينيداد وتوباغو
100%
460.3 130.6 تركيا
100%
414.2 100.9 النمسا
50%
487.6 125 أذربيجان
50%
216.3 247.5 كولومبيا
50%
192 228 كوستاريكا
50%
439 64.8 أستونيا
50%
406.5 264 غابون
50%
177.4 210 غواتيمالا
50%
218 196 هايتي
50%
377 202.2 مالي
50%
569.8 166.5 نيبال
50%
535.7 164.2 باكستان
50%
372 127.5 اسبانيا
50%
438 310 زامبيا
50%
204 265.5 الإكوادور
33%
528 149.2 أفغانستان
0%
425.5 124 ألبانيا
0%
384.2 167.2 الجزائر
0%
384 118.7 أندورا
0%
420 301.2 أنغولا
0%
241.4 204 أنتيغوا وباربودا
0%
209 180.9 باهاماس
0%
494.3 174 البحرين
0%
583 181.8 بنغلاديش
0%
246.5 217 بربادوس
0%
443.4 81.2 روسيا البيضاء
0%
180.9 203.6 بليز
0%
385.7 225 بنين
0%
584.1 169.4 بوتان
0%
421 113 البوسنة و الهرسك
0%
435 336.1 بوتسوانا
0%
266 294 البرازيل
0%
638.6 246.1 بروناي
0%
437.8 117.9 بلغاريا
0%
377 219 بوركينا فاسو
0%
597 188.5 بورما
0%
447.8 272.6 بوروندي
0%
616 219.1 كمبوديا
0%
407 247 الكاميرون
0%
143 66 كندا
0%
326.7 206.9 الرأس الأخضر
0%
427.6 239 جمهورية أفريقيا الوسطى
0%
422.6 209.4 تشاد
0%
615 140.9 الصين
0%
368 235.9 ساحل العاج
0%
418 108 كرواتيا
0%
414 93.8 جمهورية التشيك
0%
433 267.2 جمهورية الكونغو الديمقراطية
0%
401.5 73.5 الدنمارك
0%
476.4 221.6 دجيبوتي
0%
242.4 209.5 دومينيكا
0%
221 197 جمهورية الدومينيكان
0%
664.3 290.8 تيمور الشرقية
0%
447 171.3 مصر
0%
180.4 215 السلفادور
0%
404 255.8 غينيا الأستوائية
0%
466.3 209.2 اريتريا
0%
470 234.2 أثيوبيا
0%
717.7 235.2 ولايات ميكرونيسيا المتحدة
0%
386 105 فرنسا
0%
344 216 غامبيا
0%
430 129 اليونان
0%
241.6 220.6 غرينادا
0%
353.3 224.2 غينيا
0%
347.7 220.3 غينيا بيساو
0%
248 242 غيانا
0%
184.5 210.7 هندوراس
0%
424.4 103.1 المجر
0%
341 43 ايسلاندا
0%
635.5 264 اندونيسيا
0%
501.3 152.5 ايران
0%
478.8 149.9 العراق
0%
363 82.5 ايرلاندا
0%
459 157 اسرائيل
0%
416.4 124.2 أيطاليا
0%
206 200.2 جامايكا
0%
462.3 158.9 الأردن
0%
533 100 كازاخستان
0%
465.8 259.9 كينيا
0%
21 272 كيريباتي
0%
427.5 118.5 كوسوفو
0%
487 162.9 كويت
0%
548 122 قيرغيزستان
0%
610.3 194.9 لاوس
0%
438 70.6 لاتفيا
0%
461.7 146.8 لبنان
0%
444 360.5 ليسوتو
0%
359.2 239.6 ليبيريا
0%
402 103.1 ليختنشتاين
0%
434.3 76.3 ليثوانيا
0%
394.3 94.2 لوكسمبورغ
0%
429.5 121.7 مقدونيا
0%
486 324.3 مدغشقر
0%
456 307 مالاوي
0%
610.3 247.2 ماليزيا
0%
545.9 248.9 جزر المالديف
0%
412.9 141.1 مالطا
0%
760.6 232.2 جزر مارشال
0%
354 195.5 موريتانيا
0%
510.1 329.1 موريشيوس
0%
444.4 102 مولدافيا
0%
397.2 114.5 موناكو
0%
614.2 104.1 منغوليا
0%
423.7 117.8 الجبل الأسود
0%
467 309.5 موزمبيق
0%
418 328 ناميبيا
0%
756.2 263.4 ناورو
0%
776.7 391.9 نيو زيلاندا
0%
188.2 218.1 نيكاراغوا
0%
398 230.8 نيجيريا
0%
665.7 127 كوريا الشمالية
0%
401.7 57 النرويج
0%
509.33 187.2 عمان
0%
680.5 241.3 بالاو
0%
198 232.5 بنما
0%
703.7 282.4 بابوا غينيا الجديدة
0%
248.9 339.7 براغواي
0%
208 292 بيرو
0%
657 220.6 الفليبين
0%
423.6 87.1 بولاندا
0%
495.7 176.2 قطر
0%
416.9 260.5 الكونغو
0%
436.7 107.1 رومانيا
0%
447.8 267.7 رواندا
0%
239.4 203.4 سانت كيتس ونيفيس
0%
243.2 214.6 سانت لوسيا
0%
242.7 216.8 سانت فينسنت والغرينادين
0%
802.8 307.7 ساموا
0%
408.5 113.9 سان مارينو
0%
395.5 260.6 ساو توميه وبرينسيب
0%
482.1 179.9 السعودية
0%
347 212 السنغال
0%
427.6 113 صربيا
0%
354 232.9 سيراليون
0%
742.1 295 جزر سليمان
0%
488 230 صومال
0%
431 365 جنوب أفريقيا
0%
669 139 كوريا الجنوبية
0%
449.6 239.5 جنوب السودان
0%
562 235.3 سريلانكا
0%
254.4 248.1 سورينام
0%
451.3 350.1 سوازيلاند
0%
414.3 60.5 السويد
0%
398.4 103.5 سويسرا
0%
467 143 سوريا
0%
652.9 182.1 تايوان
0%
545.2 133.5 طاجيكيستان
0%
608 207.9 تايلاند
0%
798.1 328.7 تونغا
0%
401 148 تونس
0%
513 130.6 تركمانستان
0%
804.5 282.8 توفالو
0%
453.1 256.6 اوغندا
0%
450.6 96 اوكرانيا
0%
502 182.5 الإمارات العربية المتحدة
0%
377 86 المملكة المتحدة
0%
153 129 الولايات المتحدة الأمريكية
0%
254.9 370.2 الأوروغواي
0%
525 122.5 أوزبكستان
0%
755.5 318.6 فانواتو
0%
408.5 120.7 الفاتيكان
0%
232 235 فنزويلا
0%
624.3 219.9 فيتنام
0%
488.3 208.2 اليمن
0%
447 325 زيمبابوي
0%
No matching quizzes found
Score Distribution
Percent of People with Each Score
Percentile by Number Answered
Your Score History
You have not taken this quiz